Pozitívny rozvoj vzťahov Z druhého dňa pobytu cyperskej parlamentnej delegácie

Podrobná bibliografia
Médium: Článok
Jazyk:slovenčina
Predmet:

MARC

LEADER 00000nab a2200000 a 4500
001 vtls000065405
003 SK-MaSNL
005 20260304040849.0
008 111103c1980 xo 0 slo
015 |a SNBRB19rr/mm-uuuuu 
035 |a CL0075505 
040 |a SNKBUCL  |b slo  |c SNKBUCL  |e AACR2 
041 0 |a slo 
044 |a xo  |c SK 
080 |a 327(437)  |2 1981 
080 |a 327(100)  |2 1981 
245 0 0 |a Pozitívny rozvoj vzťahov  |b Z druhého dňa pobytu cyperskej parlamentnej delegácie 
650 0 7 |a ČSSR  |2 snkbucl  |9 335647 
651 7 |a Cyprus  |2 snkbucl  |9 145814 
655 7 |a články z novín a časopisov  |2 snkbucl  |9 267496 
773 0 |t Pravda  |g Roč. 61, č. 208 (3. 9. 1980), s. 1-2 
850 |a Slovenská národná knižnica v Martine  |a MTA001 
852 |a SNK  |b KIS3GCP 
958 |a RK 
992 |a RBX 
999 |c 2665359  |d 2667289